| 000 | 00535nam a22001931a 4500 | ||
|---|---|---|---|
| 001 | 4187 | ||
| 003 | OSt | ||
| 005 | 20260204211919.0 | ||
| 008 | 050730s1987||||mx ||||||b||||||||||spa|| | ||
| 020 | _a9681824300 | ||
| 050 | _a338.1 M366a | ||
| 100 | _aMartínez Garza, Angel | ||
| 245 | _aAspectos económicos del diseño y análisis de experimentos / Angel Martínez Garza | ||
| 264 | _aMéxico: Editorial Limusa | ||
| 300 | _a92 p | ||
| 500 | _aIncluye indice y bibliografía | ||
| 650 | _a1.Economía AgrariaÌ | ||
| 942 |
_2ddc _cBK |
||
| 999 |
_c4187 _d4187 |
||